000 00572nam a2200205Ia 4500
003 OSt
005 20230413101247.0
008 210423s2007 xx 000 0 und d
040 _cAL
041 _aeng
082 _a820.9
_223
_bRAYM
100 _aRAY (MOHIT K)
_987595
245 _aAtlantic companion to literature in english
260 _aNew Delhi
_bAtlantic Publishers and Distributors
_c2007
300 _axviii,585
365 _b1495
_cINR
650 _aEnglish Literature
_987596
906 _aAtlantic ; companion ; english ; literature
942 _2ddc
_cBK
999 _c157357
_d157357